Diccionario Cabécar-Español-Español Cabécar (Registro nro. 11832)

Detalles MARC
000 -Cabecera
Campo de control de longitud fija 00613nam a22002417a 4500
005 - Fecha y hora de la última transacción
Campo de control 20250219145452.0
008 - Elementos de longitud fija--Información general
Campo de control de longitud fija 190401b2013 xxu||||| |||| 00| 0 spa d
020 ## - International Standard Book Number
Número Internacional Estándar del Libro (ISBN) 9789977671000
041 ## - Idioma
Código de idioma Cabécar
-- Español
082 ## - Clasificación Decimal Dewey
Número de clasificación R 497.836.1 M328d
100 ## - Entrada principal--Autor personal
Nombre personal Margery Peña, Enrique
245 ## - Título propiamente dicho
Título Diccionario Cabécar-Español-Español Cabécar
260 ## - Pie de imprenta
Lugar de publicación, distribución, etc. Costa Rica
260 ## - Pie de imprenta
Nombre del editor, distribuidor, etc. Universidad de Costa Rica
260 ## - Pie de imprenta
Fecha de publicación, distribución, etc. 2013
300 ## - Descripción física
Extensión 556 páginas
650 ## - Materia general
Temática (materia general) COSTA RICA
650 ## - Materia general
Temática (materia general) LENGUA CABÉCAR
650 ## - Materia general
Temática (materia general) INDÍGENAS
650 ## - Materia general
Temática (materia general) DICCIONARIO
650 ## - Materia general
Temática (materia general) ESPAÑOL
942 ## - Punto de acceso adicional KOHA
Tipo de ítem KOHA Referencia
Fuente del sistema de clasificación o colocación Dewey Decimal Classification
Existencias
Signatura completa Código de barras Tipo de ítem
R 497.836.1 M328d 24162 Referencia